01550 a2200181 4500020001500000020001800015082001200033100002300045245006300068250001200131260002900143300002100172500001500193520096900208700002201177856008201199856008701281 a081440880X a978081440880304a658.1621 aSherman, Andrew J.10aMergers and acquisitions from a to z /cAndrew J. Sherman. a2nd ed. a[S.l.] :bAMACOM,c2006. a288 p. ;c24 cm. aHardcover. aA concise strategic and legal guide for both buyers and sellers at large and small companies, Mergers and Acquisitions from A to Z is a practical, hands-on resource for anyone involved in any merger or acquisition. Written in clear, jargon-free language, the book provides extensive, easy-to-understand information on the entire transaction, including an overview of tax and accounting considerations, drafting legal documents, and analyzing projected financial gain. Thoroughly revised to reflect the latest changes in the business environment, the new edition features: * The latest trends and best practices for structuring profitable deals * New due diligence rules and strategies in the age of Sarbanes-Oxley * Guidelines for keeping deals on track and managing post-closing challenges * And much more Written for those already involved in M&A deals or considering a move in that direction, Mergers and Acquisitions from A to Z demystifies the entire process.1 aHart, Milledge A.403Amazon.comuhttp://www.amazon.com/exec/obidos/ASIN/081440880X/chopaconline-20403Amazon customer reviewsuhttp://www.chopac.org/cgi-bin/tools/azrev.pl?q=081440880X